Movies Quiz

Random Movies or Oscar Quiz
Score 0/105 Timer 18:00
0 Plays Today
Film Answer % Correct
Pretty WomanJulia Roberts
99.2%
Steel MagnoliasJulia Roberts
99.2%
Winter's BoneJennifer Lawrence
98.3%
Silver Linings PlaybookJennifer Lawrence
98.3%
What's Eating Gilbert GrapeLeonardo DiCaprio
98.3%
American HustleJennifer Lawrence
98.3%
TitanicKate Winslet
97.5%
Sense and SensibilityKate Winslet
97.5%
The Sixth SenseHaley Joel Osment
95.9%
Girl, InterruptedAngelina Jolie
95.9%
Pulp FictionUma Thurman
95.9%
JunoEllen Page
94.2%
Little Miss SunshineAbigail Breslin
94.2%
Taxi DriverJodie Foster
94.2%
Almost FamousKate Hudson
94.2%
The Age of InnocenceWinona Ryder
91.7%
Up in the AirAnna Kendrick
91.7%
Little WomenWinona Ryder
91.7%
Saturday Night FeverJohn Travolta
90.9%
Pride & PrejudiceKeira Knightley
90.1%
The PianoAnna Paquin
90.1%
CloserNatalie Portman
90.1%
BrooklynSaoirse Ronan
88.4%
AtonementSaoirse Ronan
88.4%
The Dark at the Top of the StairsShirley Knight
87.6%
Children of a Lesser GodMarlee Matlin
86.8%
Paper MoonTatum O'Neal
86%
Cape FearJuliette Lewis
83.5%
Roman HolidayAudrey Hepburn
81.8%
Ordinary PeopleTimothy Hutton
81.8%
Beasts of the Southern WildQuvenzhané Wallis
80.2%
An EducationCarey Mulligan
79.3%
True GritHailee Steinfeld
78.5%
The ExorcistLinda Blair
77.7%
Cactus FlowerGoldie Hawn
76%
Film Answer % Correct
Rambling RoseLaura Dern
73.6%
Whale RiderKeisha Castle-Hughes
72.7%
Rebel Without a CauseNatalie Wood
72.7%
Splendor in the GrassNatalie Wood
72.7%
The Last Picture ShowJeff Bridges
70.2%
The Miracle WorkerPatty Duke
69.4%
Sweet and LowdownSamantha Morton
67.8%
Manchester by the SeaLucas Hedges
66.9%
ManhattanMariel Hemingway
66.9%
Gone With the WindOlivia de Havilland
66.1%
Maria Full of GraceCatalina Sandino Moreno
66.1%
Kramer vs. KramerJustin Henry
64.5%
The Crying GameJaye Davidson
62.8%
Raging BullCathy Moriarty
62%
Running on EmptyRiver Phoenix
61.2%
SkippyJackie Cooper
60.3%
Rebel Without a CauseSal Mineo
60.3%
ExodusSal Mineo
60.3%
SuspicionJoan Fontaine
56.2%
RebeccaJoan Fontaine
56.2%
The Sterile CuckooLiza Minnelli
56.2%
Georgy GirlLynn Redgrave
53.7%
MogamboGrace Kelly
52.9%
Babes in ArmsMickey Rooney
51.2%
The Human ComedyMickey Rooney
51.2%
Mrs. MiniverTeresa Wright
50.4%
The Little FoxesTeresa Wright
50.4%
Sergeant YorkTeresa Wright
50.4%
The Story of Adele H.Isabelle Adjani
48.8%
Street Angel, 7th Heaven, SunriseJanet Gaynor
48.8%
RagtimeElizabeth McGovern
47.1%
Oliver!Jack Wild
46.3%
The Razor's EdgeAnne Baxter
45.5%
The Last DetailRandy Quaid
45.5%
To Kill a MockingbirdMary Badham
44.6%
Film Answer % Correct
EquusPeter Firth
44.6%
The Goodbye GirlQuinn Cummings
43.8%
Some Came RunningShirley MacLaine
43.8%
Hester StreetCarol Kane
43.8%
GaslightAngela Lansbury
43%
Come Back, Little ShebaTerry Moore
41.3%
Anna Christie RomanceGreta Garbo
40.5%
Since You Went AwayJennifer Jones
39.7%
The Bad SeedPatty McCormack
38.8%
LiliLeslie Caron
38.8%
Peyton PlaceHope Lange
38%
Sunset BoulevardNancy Olson
37.2%
HamletJean Simmons
36.4%
The Turning PointLeslie Browne
35.5%
A Patch of BlueElizabeth Hartman
33.9%
ShaneBrandon deWilde
33.9%
Peyton PlaceDiane Varsi
33.1%
Friendly PersuasionAnthony Perkins
33.1%
Inside MovesDiana Scarwid
32.2%
Mildred PierceAnn Blyth
31.4%
PinkyJeanne Crain
31.4%
The Heartbreak KidJeannie Berlin
30.6%
Billy BuddTerence Stamp
30.6%
The Heart is a Lonely HunterSondra Locke
29.8%
Detective StoryLee Grant
27.3%
Imitation of LifeSusan Kohner
26.4%
Last SummerCatherine Burns
25.6%
These ThreeBonita Granville
24%
The Dark AngelMerle Oberon
23.1%
CrossfireGloria Grahame
22.3%
Stella DallasAnne Shirley
21.5%
Random HarvestSusan Peters
20.7%
The Rose TattooMarisa Pavan
20.7%
Stage DoorAndrea Leeds
18.2%
The Corn is GreenJoan Lorring
16.5%

You're not logged in!

Compare scores with friends on all Sporcle quizzes.
OR
Log In

Sporcle TV

Today on Sporcle TV


Watch our educational content, quiz creation guides, and fun videos on Sporcle TV.

Show Comments

Extras

Created Jan 29, 2017ReportNominate
Tags:Oscar Quiz, Oscar Nominated

Top Quizzes Today


Score Distribution

Paid Content

Your Account Isn't Verified!

In order to create a playlist on Sporcle, you need to verify the email address you used during registration. Go to your Sporcle Settings to finish the process.

Report this User

Report this user for behavior that violates our Community Guidelines.

Details: